Consolidacion republicana en America Latina (Registro nro. 146335)

Detalles MARC
001 - NÚMERO DE CONTROL
campo de control 590652
005 - FECHA Y HORA DE LA ÚLTIMA TRANSACCIÓN
campo de control 20260506084340.0
008 - DATOS DE LONGITUD FIJA--INFORMACIÓN GENERAL
campo de control de longitud fija 000426s1999 spa
020 ## - NÚMERO INTERNACIONAL ESTÁNDAR DEL LIBRO
Número Internacional Estándar del Libro 8400078241
035 ## - NÚMERO DE CONTROL DEL SISTEMA
Número de control de sistema 590652
035 ## - NÚMERO DE CONTROL DEL SISTEMA
Número de control de sistema (OCoLC)432768997
040 ## - FUENTE DE LA CATALOGACIÓN
Centro/agencia transcriptor comduadb
041 ## - CÓDIGO DE LENGUA
Código de lengua del texto/banda sonora o título independiente spa
082 #4 - NÚMERO DE LA CLASIFICACIÓN DECIMAL DEWEY
Número de clasificación 320
100 10 - ENTRADA PRINCIPAL--NOMBRE DE PERSONA
Nombre de persona Sevilla Soler, Rosario
Código de función edt
Término indicativo de función/relación Editor/a
9 (RLIN) 514222
245 10 - MENCIÓN DE TÍTULO
Título Consolidacion republicana en America Latina
260 ## - PUBLICACIÓN, DISTRIBUCIÓN, ETC.
Lugar de publicación, distribución, etc. Sevilla :
Nombre del editor, distribuidor, etc. Escuela de Estudios Hispanoamericanos,
Fecha de publicación, distribución, etc. 1999.
300 ## - DESCRIPCIÓN FÍSICA
Extensión 247 páginas
650 #7 - PUNTO DE ACCESO ADICIONAL DE MATERIA--TÉRMINO DE MATERIA
Término de materia o nombre geográfico como elemento de entrada Democracia
Subdivisión geográfica América Latina
Fuente del encabezamiento o término lemb
9 (RLIN) 42005
650 ## - PUNTO DE ACCESO ADICIONAL DE MATERIA--TÉRMINO DE MATERIA
Término de materia o nombre geográfico como elemento de entrada Argentina - Política
9 (RLIN) 172289
650 #7 - PUNTO DE ACCESO ADICIONAL DE MATERIA--TÉRMINO DE MATERIA
Término de materia o nombre geográfico como elemento de entrada Historiografía
Fuente del encabezamiento o término lemb
9 (RLIN) 5353
650 #7 - PUNTO DE ACCESO ADICIONAL DE MATERIA--TÉRMINO DE MATERIA
Término de materia o nombre geográfico como elemento de entrada Movimientos sociales
Subdivisión geográfica América Latina
Fuente del encabezamiento o término lemb
9 (RLIN) 36081
650 ## - PUNTO DE ACCESO ADICIONAL DE MATERIA--TÉRMINO DE MATERIA
Término de materia o nombre geográfico como elemento de entrada Peru - Relaciones exteriores
9 (RLIN) 17788
650 ## - PUNTO DE ACCESO ADICIONAL DE MATERIA--TÉRMINO DE MATERIA
Término de materia o nombre geográfico como elemento de entrada Brasil - Relaciones exteriores - Colombia
9 (RLIN) 47117
650 ## - PUNTO DE ACCESO ADICIONAL DE MATERIA--TÉRMINO DE MATERIA
Término de materia o nombre geográfico como elemento de entrada España
9 (RLIN) 28211
942 ## - ELEMENTOS DE ENTRADA AGREGADA (KOHA)
Tipo de ítem Koha Libros
Existencias
Estado de retiro Estado de pérdida Estado dañado No para préstamo Código de colección Localización permanente Ubicación/localización actual Fecha de adquisición Fuente de adquisición Número de inventario Total de préstamos Signatura topográfica completa Código de barras Fecha visto por última vez Número de copia Precio válido a partir de Tipo de ítem Koha
        Colección General Piso 2 Biblioteca Carlos Gaviria Díaz, Campus Medellín Biblioteca Carlos Gaviria Díaz, Campus Medellín 20/06/2000 Material adquirido por canje C638235   320.98 S612 61000003827470 22/04/2023 1 22/04/2023 Libros
        Colección General Piso 2 Biblioteca Carlos Gaviria Díaz, Campus Medellín Biblioteca Carlos Gaviria Díaz, Campus Medellín 23/11/2000 Material adquirido por canje C663759   320.98 S612 e2 61000003857808 22/04/2023 2 22/04/2023 Libros